000 00795nas a2200253Ia 4500
001 R703/49301
003 IT-RoPAU
008 151124c99999999xx |||||||||||| ||und||
040 _aIT-RoPAU
040 _cIT-RoPAU
041 _aFRANCESE
100 _aMounin Georges
_gCodice Aut. SPICS: 3498
210 _aSEMIOTICA
222 _aSemiotica
245 _aSEMIOTICA, VOL.31-N.1/2 (1980)
_bUne Encyclopedie Sur la Communication Gestuelle
250 _a1a ed.
260 _aTHE HAGUE
_bMOUTON
_c1980
501 _bPaulus - SPICS - Società San Paolo EM (non-commercial uses only)
_cCopyright2015
300 _a7 p. [99-105]
362 _aVOL.31, N.1/2 (1980)
500 _aUna Enciclopedia Sulla Comunicazione Gestuale.
650 _aSEMIOTICA
_vPUBBLICAZIONE PERIODICA
942 _cCR
999 _c185397
_d185397